Digital signatures (0 07 219482 0)

Spremljeno u:
Bibliografski detalji
Glavni autor: MOHAN ATREYA ...[et al.]
Format: Knjiga
Jezik:Undetermined
Izdano: McGraw-Hill 2002
Oznake: Dodaj oznaku
Bez oznaka, Budi prvi tko označuje ovaj zapis!
Thư viện lưu trữ: Trung tâm Học liệu Trường Đại học Cần Thơ
LEADER 00423nam a2200145Ia 4500
001 CTU_49684
008 210402s9999 xx 000 0 und d
082 |a 005.8 
082 |b D571 
100 |a MOHAN ATREYA ...[et al.] 
245 0 |a Digital signatures (0 07 219482 0) 
245 0 |c MOHAN ATREYA ...[et al.], MOHAN ATREYA 
260 |b McGraw-Hill 
260 |c 2002 
980 |a Trung tâm Học liệu Trường Đại học Cần Thơ